Skoki Narciarskie - Zdobywcy Podium z Niemiec (2000-2009) - Statystyki

Ogólne statystyki
  • Ten quiz został rozwiązany 39 razy
  • Średni wynik to 5 z 9
Statystyki odpowiedzi
Podia Skoczek % Poprawnych
30 Sven Hannawald
100%
28 Martin Schmitt
94%
1 Michael Neumayer
70%
13 Michael Uhrmann
70%
4 Georg Späth
45%
2 Stephan Hocke
45%
2 Alexander Herr
33%
1 Maximilian Mechler
24%
1 Pascal Bodmer
21%
Nie znaleziono quizów pasujących do podanych kryteriów
Rozkład punktacji
Procent ludzi z każdym wynikiem
Percentyl według liczby udzielonych odpowiedzi
Twoja historia wyników
Nie rozwiązałeś tego quizu